| 000 | 00799nam a2200241Ia 4500 | ||
|---|---|---|---|
| 999 |
_c36112 _d36112 |
||
| 001 | 2012 | ||
| 003 | GE_BSU | ||
| 005 | 20221010163502.0 | ||
| 008 | 181216s2006ru xx |||||||||||||| ||rus|| | ||
| 020 | _a5699170243 | ||
| 040 | _cGE_BSU | ||
| 041 | _arus | ||
| 080 | _a342.9(075.8) А-23 | ||
| 100 |
_aАгапов,А.Б. _915210 |
||
| 245 |
_aАдминистративное право : _bУчебник. для студ. / _cА.Б. Агапов. |
||
| 250 | _a5-е изд. доп. и перераб | ||
| 264 |
_aМосква : _bЭксмо, _c2006. |
||
| 300 |
_a784 стр.: _b 21см. |
||
| 653 | _aАдминистративное право | ||
| 653 | _aᲐდმინისტრაციული სამართლი | ||
| 653 | _aსამართლი | ||
| 942 |
_cBK _2udc |
||